Enciclopedia universal ilustrada europeo-americana : suplemento : 1957-1958 /

保存先:
書誌詳細
フォーマット: 図書
言語:スペイン語
出版事項: Madrid, España : Espasa-Calpe, 1961, c1961
主題:
タグ: タグ追加
タグなし, このレコードへの初めてのタグを付けませんか!

MARC

LEADER 00000nam^a2200000^a^4500
001 000051806
005 20250521000000.0
009 20260310090334.845
037 |a Acervo ITESO - Biblioteca 
041 |a ESP 
082 |a 036. 1  |b ENC 1958 
240 1 1 |a [Enciclopedia Espasa-Calpe] 
245 1 0 |a Enciclopedia universal ilustrada europeo-americana :  |b suplemento : 1957-1958 / 
264 4 |a Madrid, España :  |b Espasa-Calpe,  |c 1961, c1961 
300 |a 1523 p. 
336 |a texto  |b txt  |2 rdacontenido 
337 |a sin mediación  |b n  |2 rdamedio 
338 |a volumen  |b nc  |2 rdasoporte 
649 |a XX 
650 |a Enciclopedias y Diccionarios 
650 |a Anuarios 
650 |a Cronología Histórica -  |y 1950-1959 
650 |a Historia -  |x Anuarios 
910 |a Fondo General 
920 |a Impresos - Libros 
930 |a Obras de Referencia 
905 |a 102 
901 |a 0500008741  |b IT2  |c REF  |u 20250521 
902 |a https://opac.biblio.iteso.mx/vufind/Record/000051806